Falza! : průvodce na cestě mezi falzem a originálem /

Hlavní autor: Handlová, Jitka
Korporativní autor: Národní galerie (Praha, Česko)
Další autoři: Zajícová, Anna
Jazyk: Čeština
Vydáno: V Praze : Národní galerie, 2021
Témata:
Fyzický popis: 63 stran : ilustrace (převážně barevné) ; 24 cm
Knihy
Uloženo v:
LEADER 02178nam a2200565 i 4500
001 nkc20223401305
003 CZ PrNK
005 20220523094032.0
007 ta
008 220314s2021 xr a e f 000 0 cze
015 |a cnb003401305 
020 |a 978-80-7035-783-5  |q (brožováno) 
035 |a (OCoLC)1329407766 
040 |a BOA001  |b cze  |d ABA001  |e rda 
072 7 |a 7.01/.09  |x Umění  |2 Konspekt  |9 21 
080 |a 7.061  |2 MRF 
080 |a 7.026  |2 MRF 
080 |a 72/76.05-028.5  |2 MRF 
080 |a 7.072.5  |2 MRF 
080 |a (0.062)  |2 MRF 
080 |a (083.824)  |2 MRF 
100 1 |a Handlová, Jitka  |7 mzk2009521952  |4 aut 
245 1 0 |a Falza! :  |b průvodce na cestě mezi falzem a originálem /  |c Jitka Handlová, Anna Zajícová 
264 1 |a V Praze :  |b Národní galerie,  |c 2021 
300 |a 63 stran :  |b ilustrace (převážně barevné) ;  |c 24 cm 
336 |a text  |b txt  |2 rdacontent 
336 |a statický obraz  |b sti  |2 rdacontent 
337 |a bez média  |b n  |2 rdamedia 
338 |a svazek  |b nc  |2 rdacarrier 
500 |a "Kniha vychází v souvislosti s výstavou Falza? Falza! a reflektuje badatelské výsledky autorky výstavy Olgy Kotkové a expertního týmu Národní galerie v Praze"--Tiráž 
504 |a Obsahuje bibliografii 
650 0 7 |a umělecké padělky  |7 ph126895  |2 czenas 
650 0 7 |a kopie uměleckých děl  |7 ph164221  |2 czenas 
650 0 7 |a autorství uměleckých děl  |7 ph675771  |2 czenas 
650 0 7 |a znalecké posudky  |7 ph118850  |2 czenas 
650 0 9 |a art forgeries  |2 eczenas 
650 0 9 |a copies of art works  |2 eczenas 
650 0 9 |a authorship of art works  |2 eczenas 
650 0 9 |a expert evidence  |2 eczenas 
655 7 |a populárně-naučné publikace  |7 fd131864  |2 czenas 
655 7 |a katalogy výstav  |7 fd132536  |2 czenas 
655 9 |a popular works  |2 eczenas 
655 9 |a exhibition catalogs  |2 eczenas 
700 1 |a Zajícová, Anna  |7 mzk20221145118  |4 aut 
710 2 |a Národní galerie (Praha, Česko)  |7 kn20010709071  |4 oth  |4 isb 
910 2 |a BOA001  |b 2-1483.572 
990 |a BK 
995 |a 01 
991 |b 202204  |c NOV 
996 6 |b 2610897815  |c 2-1483.572  |l MZK  |r Sklad / do 1 hodiny  |n 2  |p p.v.  |w 001881973  |u 000010  |a 1  |e BOA001  |j MZK50  |s P